000 00757nam a2200289Ia 4500
005 20260324121831.0
008 008 260324s9999 xx 000 0 eng d
020 _a9781315615813
037 _aEBOOK
040 _aCRL
040 _beng
040 _cCRL
041 _2eng
041 _aeng
084 _qCRL
100 _aStephanie R. Miller; Erin J. Campbell; Elizabeth Carroll Consavari
_91164055
245 4 _aThe Early Modern Italian Domestic Interior, 1400–1700
245 0 _bObjects, Spaces, Domesticities
260 _bTaylor and Francis
260 _c2013
365 _a
365 _b240
856 _uhttp://www.taylorfrancis.com/books/9781315615813
942 _cEBOOK
999 _c1756396
_d1756396